| 000 | 00995cad a22002055a 4500 | ||
|---|---|---|---|
| 001 | E148387 | ||
| 008 | 090914s2009 xxkad f s 000 0 eng d | ||
| 035 | _a(Sirsi) u148387 | ||
| 041 | 0 | _aeng | |
| 050 | 0 | 4 | _a333.33 $2 18 |
| 110 | 2 |
_aGVA Grimley _93646 |
|
| 245 | 0 | 0 |
_aBusiness parks review _bAutumn 2009 _h[electronic resource] |
| 260 |
_aLondon _bGVA Grimley _c2009 |
||
| 490 | 0 |
_aBusiness Parks Review _vAutumn 2009 |
|
| 520 | _aReports that demand is still low, and availability is increasing. In H1 2009, take-up was 1.9m sq ft, a 13% increase on H2 2008, however the regional picture is very varied. National availability had risen to 13m sq ft by June 2009, an increase from 11m sq ft in June 2008. Average business park rents are expected to fall by 11.5% in 2009. | ||
| 651 | 4 |
_aUnited Kingdom _y |
|
| 690 | _aPROPERTY-COMMERCIAL PROPERTY-COMMERCIAL PROPERTY MARKET | ||
| 856 | 4 | 0 |
_uhttps://www.gvagrimley.co.uk/ _zView the item free of charge at www.gvagrimley.co.uk... |
| 942 | _n0 | ||
| 999 |
_c110029 _d110029 |
||